Школа артиллерийского солдата (полевой артиллерии). Ч. 2: Материальная часть 3-х дм. полевых скорострельных орудий обр. 1900 и 1902 г. и укладка передков и зарядных ящиков обр. 1900 г. (Запись № 7640606)

Подробности
000 -МАРКЕР
контрольное поле 01760nam2a22002411 4500
001 - ИДЕНТИФИКАТОР ЗАПИСИ
контрольное поле v19\rc\2047472
005 - ИДЕНТИФИКАТОР ВЕРСИИ
контрольное поле 20250620021454.0
035 ## - ДРУГИЕ СИСТЕМНЫЕ НОМЕРА
Идентификатор записи (NLR Aleph) 005126679
100 ## - ДАННЫЕ ОБЩЕЙ ОБРАБОТКИ
Данные общей обработки 20081111d1906 |||y0rusy50 ca
101 0# - ЯЗЫК РЕСУРСА
Язык текста, звукозаписи и т.д. русский
102 ## - СТРАНА ПУБЛИКАЦИИ ИЛИ ПРОИЗВОДСТВА
Страна публикации Российская Федерация
105 ## - ПОЛЕ КОДИРОВАННЫХ ДАННЫХ: ТЕКСТОВЫЕ МАТЕРИАЛЫ, МОНОГРАФИЧЕСКИЕ
Кодированные данные о монографическом текстовом документе a z |||||
200 1# - ЗАГЛАВИЕ И СВЕДЕНИЯ ОБ ОТВЕТСТВЕННОСТИ
Основное заглавие Материальная часть 3-х дм. полевых скорострельных орудий обр. 1900 и 1902 г. и укладка передков и зарядных ящиков обр. 1900 г.
Первые сведения об ответственности Сост. гв. кап. В.И. Александрович
210 ## - ПУБЛИКАЦИЯ, РАСПРОСТРАНЕНИЕ И ДР.
Дата издания, распространения и т.д. 1906
Место издания, распространения и т.д. Б. м.
215 ## - ФИЗИЧЕСКАЯ ХАРАКТЕРИСТИКА
Специфическое обозначение материала и объем IV, 114 с.
Другие сведения о физической характеристике ил.
461 #0 - УРОВЕНЬ НАБОРА
Встроенное поле 001v19\rc\2047471
-- 2001#$aШкола артиллерийского солдата (полевой артиллерии)$eСборник сведений по подготовке фейерверкеров в учеб. командах полевой артиллерии$vЧ. 2
-- 700#1$aГоффман$bГ.Э.$f1850-$gГенрих Эрнестович
Системный номер (АБИС) связанной записи 7640602
Автор Гоффман, Г.Э. (1850-)
Место публикации Санкт-Петербург
Дата публикации 1906
Имя издателя, распространителя и т.д. В. Березовский
Сведения, относящиеся к заглавию Сборник сведений по подготовке фейерверкеров в учеб. командах полевой артиллерии
Заглавие Школа артиллерийского солдата (полевой артиллерии)
Номер тома Ч. 2
532 11 - РАСШИРЕННОЕ ЗАГЛАВИЕ
Заглавие Материальная часть трехдюймовых полевых скорострельных орудий образца 1900 и 1902 г. и укладка передков и зарядных ящиков обр. 1900 г.
801 #0 - ИСТОЧНИК ЗАПИСИ
Страна Российская Федерация
Организация NLR
Правила каталогизации psbo
801 #1 - ИСТОЧНИК ЗАПИСИ
Страна Российская Федерация
Организация ProSoft-M
Источник данных rusmarc
852 ## - МЕСТОНАХОЖДЕНИЕ И ШИФР ХРАНЕНИЯ
Идентификатор организации NLR
Шифр хранения (Call Number) 37.2.5.58(ч. 2)
942 ## - ДОПОЛНИТЕЛЬНЫЕ ЭЛЕМЕНТЫ ЗАПИСИ (АБИС)
Тип экземпляра АБИС Книга
980 ## - КОЛЛЕКЦИЯ
Название коллекции Национальная библиография
Экземпляры
Тип экземпляра Дата поступления Библиотека постоянного хранения Библиотека текущего хранения Место хранения Шифр хранения Штрих-код Статус экземпляра
Книга 26.10.2013 РНБ (Садовая) РНБ (Садовая) Русский книжный фонд -Главное здание, Ленинский читальный зал 37.2.5.58(ч. 2) 5126679-10